00756nam a2200241Ia 45000010006000000050017000060070003000230080041000260400025000670410008000920820019001001000024001192450092001432500014002352600037002493000027002866530012003136530015003256530014003409420012003549520131003669990017004972167320240114000609.0ta060308s1926 a g b000 u 465 u aCotton College,Assam a465 a530.1bD 933 R aDurell, Clement V.. 0aReadable Relativity: A Book for Non-Specialists /cClement V.Durell.hTextual Documents a1st ed. / aLondon :bG Bell & Sons ,c1926. a146p. :bill ;c18cm . aPhysics aRelativity aG-Physics 2ddccBK 001040708Circulation (G)aSKBLbSKBLd2012-02-01f00000l0o530.1 D 933 Rp1024/Newr2024-01-14 00:00:00t1w2012-02-01yBK c21655d21655